Statistics for Квиз о Сједињеним Америчким Државама

Click here to take the quiz!

General Stats

  • This quiz has been taken 405 times
  • The average score is 12 of 24

Answer Stats

ОписОдговор% Correct
Главни градВашингтон
98%
Земље које се граниче са САДКанада
98%
Мексико
97%
Четири највећа града по броју становникаЊујорк
89%
Број држава50
87%
Лос Анђелес
78%
Држава смештена у потпуности на острвимаХаваји
71%
Прва особа која је ходала по МесецуНил Армстронг
66%
Чикаго
64%
Најдужа рекаМисисипи / Мисури
61%
Највећа држава по површиниАљаска
59%
Главне политичке странкеДемократска
50%
Рат који је убио највећи број АмериканацаГрађански рат
49%
Републиканска
44%
Најодликованији олимпијски спортистаМајкл Фелпс
38%
Најмања држава по површиниРоуд Ајланд
31%
Хјустон
26%
Национална животињаБелоглави орао
23%
Главни аутор Декларације о независностиТомас Џеферсон
22%
Локација са најтоплијим временом икад забележенимДолина смрти
19%
Највеће језеро које додирује САДГорње језеро
14%
Највиша планинаДенали
12%
Национална химнаБарјак искићен звездама
3%
Назив за првих 10 амандмана на УставПовеља о правима
3%

Score Distribution

Percentile by Number Answered

Percent of People with Each Score

Your Score History

You have not taken this quiz